Logo CIB grande

INTRODUCCIÓN A LA QUÍMICA ANALÍTICA (Registro nro. 205206)

Detalles MARC
000 -LEADER
campo de control de longitud fija 00636nam a2200229Ia 4500
005 - FECHA Y HORA DE LA ÚLTIMA TRANSACCIÓN
campo de control 20250425161234.0
008 - DATOS DE LONGITUD FIJA--INFORMACIÓN GENERAL
campo de control de longitud fija 250425s9999 xx 000 0 und d
041 ## - CÓDIGO DE IDIOMA
Código de lengua del texto/banda sonora o título independiente spa
082 ## - NÚMERO DE LA CLASIFICACIÓN DECIMAL DEWEY
Número de clasificación 543
010 ## - NÚMERO DE CONTROL DE LA BIBLIOTECA DEL CONGRESO
Número de control de LC 15859
100 ## - ENTRADA PRINCIPAL--NOMBRE DE PERSONA
Nombre de persona SKOOG, DOUGLAS A.
245 #0 - MENCIÓN DEL TÍTULO
Título INTRODUCCIÓN A LA QUÍMICA ANALÍTICA
250 ## - MENCION DE EDICION
Mención de edición 1A ED.
260 ## - PUBLICACIÓN, DISTRIBUCIÓN, ETC.
Lugar de publicación, distribución, etc. Argentina
Nombre del editor, distribuidor, etc. CENTRO REGIONAL DE AYUDA TECNICA
Fecha de publicación, distribución, etc. 1969
260 ## - PUBLICACIÓN, DISTRIBUCIÓN, ETC.
Lugar de publicación, distribución, etc. BUENOS AIRES
300 ## - DESCRIPCIÓN FÍSICA
Extensión 589
500 ## - NOTA GENERAL
Nota general Título Traducido: ANALYTICAL CHEMISTRY AN INTRODUCTION
650 ## - PUNTO DE ACCESO ADICIONAL DE MATERIA--TÉRMINO DE MATERIA
Término de materia o nombre geográfico como elemento de entrada QUIMICA ANALITICA
700 ## - ENTRADA AGREGADA--NOMBRE PERSONAL
Nombre de persona ENRIQUE CASASSAS SIMÓ
Término indicativo de función/relación traductor
700 ## - ENTRADA AGREGADA--NOMBRE PERSONAL
Nombre de persona WEST, DONALD M.
942 ## - ELEMENTOS DE ENTRADA SECUNDARIOS (KOHA)
Tipo de ítem Koha Libros
Existencias
Estatus retirado Estado de pérdida Estado de daño No para préstamo Biblioteca de origen Biblioteca actual Ubicación en estantería Fecha de adquisición Coste, precio normal de compra Etiqueta RFID Total de préstamos Código de barras Copia número Tipo de ítem Koha
        CENTRO DE INFORMACIÓN BIBLIOTECARIA CENTRO DE INFORMACIÓN BIBLIOTECARIA   11/01/2002 0.01 0000000000000000022059   4472 1 Libros
        CENTRO DE INFORMACIÓN BIBLIOTECARIA CENTRO DE INFORMACIÓN BIBLIOTECARIA   19/06/2003 0.01 0000000000000000022168   4473 2 Libros

Copyright 2025 ESPOL. Todos los derechos reservados.